000 00362nam a22001457a 4500
003 MACL
005 20191010153627.0
008 191010b xxu||||| |||| 00| 0 eng d
040 _cMACL
100 _aKumar, Uday
_976910
245 _aIndian Mujaheedin and SIMI
260 _aDelhi
_bLucky International
_c2015
650 _aTerrorism
_917107
942 _2ddc
_cBK
999 _c61173
_d61173